00756nam a2200241 i 4500001000300000100002400003245004400027260005600071300002100127504002400148650002100172655003000193020001500223040000800238041000700246080001900253920001800272942000700290008004100297999001700338856009800355952006100453bg1 aGOCZYŁA, Krzysztof10aStruktury danych /cKrzysztof Goczyła. aGdańsk :bWydaw. Politechniki Gdańskiej,c2002. a135 s. ;c24 cm. aBibliogr. - Indeks. 9aStruktury danych aPodręczniki akademickie a8373480056 cBPK0 apl a004.421(075.8) a83-7348-005-6 cKS s pl f |000 0 pol  c42070d42070 uhttp://koha.tu.koszalin.pl/cgi-bin/koha/opac-detail.pl?biblionumber=42070yKatalog online BPK 00104070aBPKbBPKcwo65825p01905816s2016-01-13yKS